书目信息 |
| 题名: |
世界历史读本
|
|
| 作者: | 奥尼尔 著 ;李江艳 译 | |
| 分册: | 1 辉煌的文明古国 | |
| 出版信息: | 成都 天地出版社 2020.05 |
|
| 页数: | 213页 | |
| 开本: | 21cm | |
| 丛书名: | ||
| 单 册: | ||
| 中图分类: | K109 , K12-49 | |
| 科图分类: | ||
| 主题词: | 世界史--通俗读物 , 世界史--古代史--通俗读物 | |
| 电子资源: | ||
| ISBN: | 978-7-5455-5486-1 | |
| 000 | 01026nam0 2200289 450 | |
| 001 | 0120203032726 | |
| 005 | 20201103142629.94 | |
| 010 | @a978-7-5455-5486-1@dCNY43.60,CNY218.00(全5册) | |
| 100 | @a20200707d2020 em y0chiy50 ea | |
| 101 | 1 | @achi@ceng |
| 102 | @aCN@b510000 | |
| 105 | @aa z 000yy | |
| 106 | @ar | |
| 200 | 1 | @a世界历史读本@9shi jie li shi du ben@e全彩插图版@h1@i辉煌的文明古国@b专著@f(英)伊丽莎白·奥尼尔著@g李江艳译 |
| 210 | @a成都@c天地出版社@d2020.05 | |
| 215 | @a213页@d21cm | |
| 300 | @a从不同的世界走向同一个世界 | |
| 330 | @a本书主要内容包括:人类的产生、尼安德特人、驯鹿人、湖居人、古埃及人和古巴比伦人、犹太人和腓尼基人、古代印度、近代印度、古代的中国和日本等。 | |
| 333 | @a历史爱好者 | |
| 606 | 0 | @a世界史@j通俗读物 |
| 606 | 0 | @a世界史@x古代史@j通俗读物 |
| 690 | @aK109@v5 | |
| 690 | @aK12-49@v5 | |
| 701 | 0 | @c(英)@a奥尼尔@9ao ni er@c(O'neill, Elizabeth)@4著 |
| 702 | 0 | @a李江艳@9li jiang yan@4译 |
| 801 | 0 | @aCN@b人天书店@c20200707 |
| 905 | @b1298295-96@dK109@e333:1@f2 | |
| 世界历史读本:全彩插图版.1.辉煌的文明古国/(英)伊丽莎白·奥尼尔著/李江艳译.-成都:天地出版社,2020.05 |
| 213页;21cm |
| 从不同的世界走向同一个世界.-使用对象:历史爱好者 |
| ISBN 978-7-5455-5486-1:CNY43.60,CNY218.00(全5册) |
| 本书主要内容包括:人类的产生、尼安德特人、驯鹿人、湖居人、古埃及人和古巴比伦人、犹太人和腓尼基人、古代印度、近代印度、古代的中国和日本等。 |
| ● |
| 相关链接 |
|
|
|
|
正题名:世界历史读本
索取号:K109/333:1
 
预约/预借
| 序号 | 登录号 | 条形码 | 馆藏地/架位号 | 状态 | 备注 |
| 1 | 1298295 | 212982959 | 第二样本阅览室/ [索取号:K109/333:1] | 在馆 | |
| 2 | 1298296 | 212982968 | 第二借阅区/ [索取号:K109/333:1] | 在馆 |